000 00290nam a22001097a 4500
008 160629b xxu||||| |||| 00| 0 eng d
100 _91308
_aMurti, R.K
245 _aEffective English Writing
260 _aNEW DELHI
_bSTERLING
_c1999
300 _aEffective English Writing
942 _2ddc
_cBK
999 _c1071
_d1071